The noble scholar, jurist, historian


 His Excellency Dr. Abdul Wahhab bin Ibrahim Abu Sulaiman, may Allah have mercy on him.


 He was born in Umm Al-Qura in the year 1356 AH.

مراح لبيد - تفسير النووي لكشف معنى قرآن المجيد،/ (Record no. 5849)

MARC details
000 -LEADER
fixed length control field 01454cam a2200277 i 4500
003 - CONTROL NUMBER IDENTIFIER
control field SA-RiAUC
005 - DATE AND TIME OF LATEST TRANSACTION
control field 20250212063424.0
008 - FIXED-LENGTH DATA ELEMENTS--GENERAL INFORMATION
fixed length control field 250211s1990 ||| g 00000 ara c
040 ## - CATALOGING SOURCE
Original cataloging agency SA-JeALM
Language of cataloging ara
Transcribing agency SA-RiAUC
Description conventions rda
082 04 - DEWEY DECIMAL CLASSIFICATION NUMBER
Classification number 227.6
090 ## - LOCALLY ASSIGNED LC-TYPE CALL NUMBER (OCLC); LOCAL CALL NUMBER (RLIN)
Classification number (OCLC) (R) ; Classification number, CALL (RLIN) (NR) 227.6
Local cutter number (OCLC) ; Book number/undivided call number, CALL (RLIN) ن و و
100 1# - MAIN ENTRY--PERSONAL NAME
Personal name نووي الجاوي، محمد بن عمر بن عربي،
Dates associated with a name 1230-1316 هجري
Relator term مؤلف.
245 10 - TITLE STATEMENT
Title مراح لبيد - تفسير النووي لكشف معنى قرآن المجيد،/
Remainder of title التفسير المنير لمعالم التنزيل المسفر عن وجوه محاسن التأويل
Statement of responsibility, etc. محمد بن عمر نووي الجاوي. بهامشه كتاب الوجيز في تفسير القرآن العزيز / للواحدي.
246 33 - VARYING FORM OF TITLE
Title proper/short title التفسير المنير لمعالم التنزيل
264 #1 - PRODUCTION, PUBLICATION, DISTRIBUTION, MANUFACTURE, AND COPYRIGHT NOTICE
Place of production, publication, distribution, manufacture [مكان النشر غير محدد] :
Name of producer, publisher, distributor, manufacturer دار الفكر،
Date of production, publication, distribution, manufacture, or copyright notice ( ما بين 1900 الى 1999 )
300 ## - PHYSICAL DESCRIPTION
Extent 2 مجلد
336 ## - CONTENT TYPE
Content type term نص
Content type code txt
Source rdacontent
Materials specified كتاب
337 ## - MEDIA TYPE
Media type term بدون وسيط
Media type code n
Source rdamedia
338 ## - CARRIER TYPE
Carrier type term مجلد
Carrier type code nc
Source rdacarrier
630 27 - SUBJECT ADDED ENTRY--UNIFORM TITLE
Uniform title القرآن
General subdivision تفاسير حديثة
Source of heading or term aucut
700 12 - ADDED ENTRY--PERSONAL NAME
Personal name الواحدي، علي بن أحمد بن محمد،
Dates associated with a name توفي 468 هجري.
Title of a work الوجيز في تفسير القرآن العزيز.
730 22 - ADDED ENTRY--UNIFORM TITLE
Uniform title القرآن
740 22 - ADDED ENTRY--UNCONTROLLED RELATED/ANALYTICAL TITLE
Uncontrolled related/analytical title الوجيز في تفسير القرآن العزيز.
942 ## - ADDED ENTRY ELEMENTS (KOHA)
Source of classification or shelving scheme Dewey Decimal Classification
Koha item type Books
Suppress in OPAC No
949 ## - LOCAL PROCESSING INFORMATION (OCLC)
a SA-JeALM
d 250211
u osman123
n 1
Holdings
Withdrawn status Lost status Source of classification or shelving scheme Materials specified (bound volume or other part) Damaged status Not for loan Home library Current library Date acquired Total checkouts Full call number Barcode Date last seen Price effective from Koha item type
    Dewey Decimal Classification المجلد الاول     DR AbdElwahab Library DR AbdElwahab Library 02/12/2025   227.6 ن و و 000009664 02/12/2025 02/12/2025 Books
    Dewey Decimal Classification المجلد الثاني     DR AbdElwahab Library DR AbdElwahab Library 02/12/2025   227.6 ن و و 000009665 02/12/2025 02/12/2025 Books